| 000 | 00459nam a2200169 4500 | ||
|---|---|---|---|
| 001 | 123143 | ||
| 003 | ES-MaACL | ||
| 005 | 20230906192123.0 | ||
| 007 | t| | ||
| 008 | 070214s1937 sp r ||||0| spa d | ||
| 100 | 1 |
_aPrudumán, A. _994075 |
|
| 245 | 1 | 0 |
_aCretinismo _b: enfermedad del ridículo / _cA. Prudumán. |
| 260 |
_aMadrid : _b[s. n.], _c1937 ( _fTip. Artística) |
||
| 300 | _a85 p. | ||
| 650 | 4 |
_aTiroides. _9136932 |
|
| 852 |
_aES-MaACL _j1826-F-5 |
||
| 999 |
_c123143 _d123143 |
||